000 00669nam a2200289Ia 4500
005 20260324133044.0
008 008 260324s9999 xx 000 0 eng d
020 _a9781003085614
037 _aEBOOK
040 _aCRL
040 _beng
040 _cCRL
041 _2eng
041 _aeng
084 _qCRL
100 _aSarah Pink
_91186392
245 0 _aHome Truths
245 0 _bGender, Domestic Objects and Everyday Life
260 _bTaylor and Francis
260 _c2004
365 _a
365 _b230
856 _uhttp://www.taylorfrancis.com/books/9781003085614
942 _cEBOOK
999 _c1790329
_d1790329